|
|
|
|
| LEADER |
00000nam0a2200000 4500 |
| 001 |
304078 |
| 005 |
20231102001651.0 |
| 035 |
|
|
|a (RuTPU)RU\TPU\book\329313
|
| 090 |
|
|
|a 304078
|
| 100 |
|
|
|a 20150909d1982 k y0rusy50 ca
|
| 101 |
0 |
|
|a rus
|
| 102 |
|
|
|a UA
|
| 105 |
|
|
|a a z 001zy
|
| 200 |
1 |
|
|a Гидрогазодинамика энергетических установок
|e сборник научных трудов
|f Академия наук Украинской ССР (АН УССР) ; под ред. В. В. Пилипенко
|
| 210 |
|
|
|a Киев
|c Наукова думка
|d 1982
|
| 215 |
|
|
|a 184 с.
|c ил.
|
| 320 |
|
|
|a Библиография в конце статей
|
| 606 |
1 |
|
|a Энергетические установки
|x Гидродинамика
|2 stltpush
|3 (RuTPU)RU\TPU\subj\21293
|9 46312
|
| 610 |
1 |
|
|a газодинамика
|
| 610 |
1 |
|
|a насосные системы
|
| 610 |
1 |
|
|a термогазодинамика
|
| 610 |
1 |
|
|a сверхзвуковые газовые потоки
|
| 610 |
1 |
|
|a обтекаемые поверхности
|
| 610 |
1 |
|
|a вторичные струи
|
| 610 |
1 |
|
|a нестационарные процессы
|
| 610 |
1 |
|
|a кавитационные течения
|
| 675 |
|
|
|a 620.0.002.5:53
|v 4
|
| 702 |
|
1 |
|a Пилипенко
|b В. В.
|g Виктор Васильевич
|4 340
|
| 712 |
0 |
2 |
|a Академия наук Украинской ССР (АН УССР)
|c (1936-1991)
|2 stltpush
|3 (RuTPU)RU\TPU\col\332
|
| 801 |
|
1 |
|a RU
|b 63413507
|c 20150909
|
| 801 |
|
2 |
|a RU
|b 63413507
|c 20190416
|g RCR
|
| 942 |
|
|
|c BK
|